Lateinische Rechtsregeln und Rechtssprichwörter.
I tiakina i:
| Kaituhi matua: | |
|---|---|
| Ētahi atu kaituhi: | , , |
| Hōputu: | Pukapuka |
| Reo: | Ingarihi |
| I whakaputaina: |
München, Deutschland:
C.H. Beck,
1991.
|
| Putanga: | Fünfte, verbesserte Auflage. |
| Ngā marau: | |
| Ngā Tūtohu: |
Tāpirihia he Tūtohu
Kāore He Tūtohu, Me noho koe te mea tuatahi ki te tūtohu i tēnei pūkete!
|
MARC
| LEADER | 00000nam a22000007a 4500 | ||
|---|---|---|---|
| 003 | CL-VaPUC | ||
| 005 | 20220822114441.0 | ||
| 008 | 220324t1991 ||||| |||| 00| 0 eng d | ||
| 999 | |c 435120 |d 435118 | ||
| 020 | |a 3-406-08702-7 | ||
| 040 | |c Pontificia Universidad Católica de Valparaíso | ||
| 082 | 7 | |a 340.5403 LIE 1991 |2 22 | |
| 100 | |a Liebs, Detlef |9 867690 |e zusammengestellt |e übersetzt |e erläutert | ||
| 245 | |a Lateinische Rechtsregeln und Rechtssprichwörter. | ||
| 250 | |a Fünfte, verbesserte Auflage. | ||
| 260 | |a München, Deutschland: |b C.H. Beck, |c 1991. | ||
| 300 | |a 277 páginas. | ||
| 500 | |a c.1 Donación Familia Prof. Alejandro Guzmán Brito. | ||
| 583 | |c 20220324 |k Yessy Stephany Diaz Vidal | ||
| 650 | |a Derecho romano |x Diccionarios |x Latín |9 869583 | ||
| 700 | |a Lehmann, Hannes |e mitarbeit |9 867691 | ||
| 700 | |a Möhring, Praxedis |e mitarbeit |9 867692 | ||
| 700 | |a Strobel, Gallus |e mitarbeit |9 867693 | ||
| 942 | |2 ddc |c BK |n 0 | ||
| 952 | |0 0 |1 0 |2 ddc |4 0 |6 340_540300000000000_LIE_1991 |7 0 |8 C_AGB |9 582125 |a BIBDER |b BIBDER |d 2022-03-24 |e Donación |i 5650359 |o 340.5403 LIE 1991 |p 5650359 |r 2023-01-25 |t 1 |w 2022-03-24 |y BK_US |k AGB | ||